01283nas a2200265 i 45000010005000000030009000050050017000140080041000310220014000720800007000860800010000932450066001032460084001692600063002533000029003163100012003453620090003575150263004475550066007106500017007767000028007937100091008218520052009128660053009641120ES-MaACL20250925162402.0950801b19421968sp wr p| 0 1 |spa d a0425-2764 a07 a(051)03aEl Español b: semanario de la política y del espíritu.3 iSubtít. posterior b: semanario de los españoles para todos los españoles aMadrid : b[Delegación Nacional de Prensa], c1942-1968. a21 v. : bil. ; c60 cm. aSemanal0 aAño 1, n. 1 (extraord.) (31 oct. 1942) - nueva etapa, año 3, n. 87 (15 jun. 1968) aLa publicación tiene una 1ª época: n. 1 (31 oct. 1942)-n. 236 (mayo 1947); una 2ª época: n. 237 (jun. 1953)-n. 714 (5/10 ag. 1962); una nueva época: n. 1 (20 oct. 1962)-n. 181 (2 abril 1966); y una nueva etapa: n. 1 (oct. 1966)-n. 87 (15 jun. 1968) ade los n. 1-52 (1942-1943), 1 v.; n. 53-104 (1943-1944), 1 v.14aPeriódicos1 aAparicio, Juan, d1906-2 aMovimiento Nacional (España). bDelegación Nacional de Prensa, Propaganda y Radio. aES-MaACL jHEM-GF-20 dOlim: Hem-1644 0o1942-46(1947),1963-64(1965f.n.160)1966.(1967-68)